00317cam a22001097a 4500008004000000082001700040100001800057245006400075260002500139300001000164650003300174180718b1961 xxu||||| |||| 00| 0 eng d aH211x73 Ac43 aAcheson, P.C. aSupreme Court: America's judicial heritagecby P.C. Acheson aNew YorkbDoddc1961 a270p. aUnited States. Supreme Court